000 00504nam a22001817a 4500
003 0
005 20231128090457.0
008 231007b xxu||||| |||| 00| 0 eng d
020 _a978-1-4711-5866-7
050 _aFic
_bRus967 2014
100 _aRussell, Rachel Renee
245 _aDork diaries : once upon a dork
_cRachel Renee Russell
260 _aLondon
_bSimon and Schuster
_cc2014.
300 _a295 pages :
_bb&w ill. ;
_c20 cm.
500 _aFiction.
650 _aFiction.
942 _2lcc
_cBK
999 _c365489
_d365489